000 00719cam a22002411 4500
001 sa 67006708
003 DLC
005 20260227112410.0
008 791207s1965 ii s000 0 eng
010 _asa 67006708
025 _aPL-480:I-E-7938
035 _a(OCoLC)5772857
040 _aDLC
_cWU
_dDLC
043 _aa-ii---
050 0 0 _aZ243.I45
_bM3
110 1 _aMaharashtra (India).
_bMinimum Wages Committee (Printing and Allied Trades)
245 0 0 _aReport.
260 _aBombay,
_bDirector, Govt. Print. and Stationery, Maharashtra State,
_c1965.
300 _a58 p.
_c21 cm.
500 _aCover title.
650 0 _aWages
_xPrinters
_zIndia
_zMaharashtra.
650 0 _aMinimum wage
_zIndia
_zMaharashtra.
999 _c76118
_d76118